Нормален изглед
MARC изглед
- Ivanov, Emil
Вход 01. Лично име
001 - Контролен номер на записа
- Контролно поле: 354605
003 - Код на организацията, даваща контролен номер
- Контролно поле: BLK
005 - Дата и час на последна промяна на записа
- Контролно поле: 20180421002456.0
008 - Данни с фиксирана дължина – обща информация
- Данни с фиксирана дължина : 180421|| aca||aabn | a|a d
100 ## - ИМЕ НА ЛИЦЕ -ПЪРВИЧНА ИНТЕЛЕКТУАЛНА ОТГОВОРНОСТ
- Лично име: Ivanov, Emil
- Ключова дума за отношение: тенор
942 ## - Системна служебна употреба
- Koha auth type: PERSO_NAME